000 00410nam a2200157Ia 4500
003 Ost
005 20260225132600.0
008 260225s9999||||xx |||||||||||||| ||und||
040 _cfsic
041 _afre
082 _a70.4
100 _aLe champion،Rémy
_eAuteur
245 0 _aJournalisme . :
245 0 _bnouvelle formes journalistiques-nouvelles compétences . /
_cLe champion،Rémy
942 _cكتاب
999 _c34716
_d34716